Una trenza tan larga ... /

Guardado en:
Autor Principal: Bornemann, Elsa
Otros Autores: Bernstein, Gabo León; il.
Formato: Libro
Publicado: Buenos Aires : Alfaguara, 2013
Edición:3a. reimp.
Materias:
Etiquetas: Agregar Etiqueta
Sin Etiquetas, Sea el primero en etiquetar este registro!
LEADER 00836nam a22002535a 4500
001 CEM.cems015362
005 20191127153835.0
008 130507s2013##################000#0#####d
003 CEMS
020 |a 9789870412748 
082 0 4 |a A868.4 
100 1 |a Bornemann, Elsa 
245 1 0 |a Una trenza tan larga ... /  |c Elsa Bornemann ; ilustrado Por Gabo León Bernstein 
250 |a 3a. reimp. 
260 |a Buenos Aires :  |b Alfaguara,  |c 2013 
300 |a 32 p. 
653 |a Literatura 
653 |a Literatura argentina 
653 |a Literatura infantil 
653 |a Cuentos infantiles 
653 |a Colección ciencias de la educación 
700 1 |a Bernstein, Gabo León; il. 
859 |a CEMS  |b BIB. CEMS - Ccias. Educacion  |h A868.4  |i B645-1  |k CE  |p 28728.19  |t Ej.1 
859 |a CEMS  |b BIB. CEMS - Ccias. Educacion  |h A868.4  |i B645-1  |k CE  |p 28729.19  |t Ej.2